[Event "URS-ch U26"]
[Site "Vilnius"]
[Date "1978.??.??"]
[Round "4"]
[White "Dolmatov, Sergey"]
[Black "Psakhis, Lev"]
[Result "1/2-1/2"]
[WhiteElo "2495"]
[BlackElo "2480"]

1.e4 c5 2.Nf3 b6 3.c4 Bb7 4.Nc3 d6 5.d4 cxd4 6.Nxd4 Nf6 7.f3 e6 8.Be2 Be7
9.O-O O-O 10.Be3 Nbd7 11.Qd2 a6 12.Rfd1 Re8 13.Bf1 Qc7 14.Rac1 Rac8 15.Qf2 Qb8
16.Nb3 Ba8 17.Kh1 Bd8 18.Qg3 Ne5 19.Nd2 Bc6 20.f4 Ng6 21.b4 Bb7 22.c5 dxc5
23.bxc5 bxc5 24.e5 Nd5 25.Nxd5 Bxd5 26.Bxa6 Nh4 27.Rg1 Rc6 28.Bc4 Be7  1/2-1/2

[Event "URS-ch U26"]
[Site "Vilnius"]
[Date "1978.??.??"]
[Round "9"]
[White "Psakhis, Lev"]
[Black "Jussupow, Artur"]
[Result "1/2-1/2"]
[WhiteElo "2480"]
[BlackElo "2450"]

1.e4 e5 2.Nf3 Nf6 3.Nxe5 d6 4.Nf3 Nxe4 5.d4 d5 6.Bd3 Be7 7.O-O Nc6 8.Re1 Bg4
9.c4 Nf6 10.cxd5 Nxd5 11.Nc3 O-O 12.Be4 Be6 13.Qc2 h6 14.Bh7+ Kh8 15.Bf5 Ncb4
16.Qb1 Bxf5 17.Qxf5 Qc8 18.Qh5 Nf6 19.Qh4 Bd8 20.Re2 Qf5 21.Qf4 Qxf4 22.Bxf4 Nbd5
23.Be5 Nxc3 24.bxc3 Nd7 25.Bg3 c6 26.Bd6 Rg8 27.Rb1 b5 28.a4 a6 29.c4 Bf6
30.g4 bxc4 31.Rb7 Rad8 32.Ne5 Nxe5 33.dxe5 Rge8 34.Kf1 Kg8 35.f4 g5 36.f5 c3
37.Rc7 Bxe5 38.Bxe5 Rd1+ 39.Kf2 Rd2 40.Rxc6 Rxe5 41.Rxd2 cxd2 42.Rd6 Re4
43.Kg3 Rxa4 44.Rxd2 Ra3+ 45.Kg2 Kg7 46.Rd6 Ra5 47.Kg3 h5 48.gxh5 Rxf5 49.Rxa6 Rf4
50.Ra5 f6 51.Ra7+ Kh6 52.Rf7 Kxh5 53.h4 Kg6 54.hxg5 Kxf7 55.g6+  1/2-1/2

[Event "URS-ch U26"]
[Site "Vilnius"]
[Date "1978.??.??"]
[Round "12"]
[White "Chekhov, Valery A"]
[Black "Psakhis, Lev"]
[Result "1-0"]
[WhiteElo "2470"]
[BlackElo "2480"]

1.e4 e5 2.Nf3 Nc6 3.c3 Nf6 4.d4 Nxe4 5.d5 Nb8 6.Nxe5 Nf6 7.Be2 Bc5 8.O-O O-O
9.Nd3 Be7 10.c4 d6 11.Nc3 Bf5 12.g4 Bxd3 13.Bxd3 Nfd7 14.f4 Na6 15.g5 c6
16.Rf3 f5 17.Be3 Ndc5 18.Bc2 Nb4 19.Bb1 a5 20.a3 Nba6 21.Bc2 Qb6 22.Rb1 Qc7
23.Rh3 g6 24.b4 axb4 25.axb4 Nd7 26.dxc6 bxc6 27.c5 Nxb4 28.cxd6 Bxd6 29.Rxb4 Bxb4
30.Bb3+ Rf7  1-0

[Event "URS-FL"]
[Site "Frunze"]
[Date "1979.??.??"]
[Round "8"]
[White "Psakhis, Lev"]
[Black "Tukmakov, Vladimir B"]
[Result "0-1"]
[WhiteElo "2480"]
[BlackElo "2575"]

1.e4 c5 2.Nf3 d6 3.d4 cxd4 4.Nxd4 Nf6 5.Nc3 a6 6.Bg5 e6 7.f4 Qc7 8.Qf3 b5
9.O-O-O b4 10.e5 Bb7 11.Qh3 dxe5 12.Ncb5 axb5 13.Bxb5+ Bc6 14.fxe5 Bxb5 15.exf6 Bd7
16.Nf5 gxf6 17.Bxf6 Rg8 18.Qxh7 b3 19.Nd6+ Bxd6 20.Rxd6 Rf8  0-1

[Event "Sochi"]
[Site "Sochi"]
[Date "1979.??.??"]
[Round "?"]
[White "Ghitescu, Theodor"]
[Black "Psakhis, Lev"]
[Result "1/2-1/2"]
[WhiteElo "2400"]
[BlackElo "2480"]

1.d4 Nf6 2.c4 c5 3.d5 e6 4.Nc3 exd5 5.cxd5 d6 6.e4 g6 7.Bd3 Bg7 8.Nge2 O-O
9.O-O a6 10.a4 Nbd7 11.h3 Qc7 12.Ng3 Rb8 13.Qe2 Re8 14.Be3 Ne5 15.Bc2 c4
16.a5 h5 17.Rfe1 Ned7 18.Nf1 b5 19.axb6 Nxb6 20.Nd2 Nfd7 21.Rac1 Qd8 22.Rb1 a5
23.Nxc4 Ba6 24.Bd3 Bxc4 25.Bxc4 Nxc4 26.Qxc4 Rb4 27.Qa6  1/2-1/2

[Event "Sochi"]
[Site "Sochi"]
[Date "1979.??.??"]
[Round "?"]
[White "Sveshnikov, Evgeny"]
[Black "Psakhis, Lev"]
[Result "1/2-1/2"]
[WhiteElo "2545"]
[BlackElo "2480"]

1.g3 g6 2.Bg2 c5 3.c3 Bg7 4.d4 Qb6 5.Nf3 Nf6 6.O-O O-O 7.a4 cxd4 8.a5 Qd8
9.cxd4 d5 10.Ne5 Ng4 11.Nxg4 Bxg4 12.h3 Bd7 13.Bxd5 Nc6 14.a6 Bxh3 15.Nc3 Qb6
16.axb7 Rad8 17.Qa4 Nxd4 18.Qxa7 Qxa7 19.Rxa7 Nxe2+ 20.Nxe2 Bxf1 21.b8=Q Rxb8
22.Kxf1  1/2-1/2

[Event "Krasnojarsk"]
[Site "Krasnojarsk"]
[Date "1980.??.??"]
[Round "?"]
[White "Psakhis, Lev"]
[Black "Kuzmin, Gennadi P"]
[Result "0-1"]
[WhiteElo "2535"]
[BlackElo "2530"]

1.e4 e5 2.Nf3 Nc6 3.Bb5 a6 4.Ba4 Nf6 5.O-O Be7 6.Re1 b5 7.Bb3 d6 8.c3 O-O
9.h3 Na5 10.Bc2 c5 11.d4 Qc7 12.d5 Nc4 13.a4 Bd7 14.b3 Na5 15.axb5 axb5 16.Nbd2 g6
17.Nf1 Nh5 18.Bh6 Rfe8 19.N3h2 Qd8 20.Qd2 Nf4 21.Nf3 Bf6 22.Ne3 Qc8 23.h4 c4
24.b4 Nb3 25.Bxb3 Rxa1 26.Rxa1 cxb3 27.Kh2 Bh3 28.Ng1 Bxg2 29.Nxg2 Nxg2 30.Kxg2 Qg4+
31.Kf1 Qxh4 32.Re1 Ra8 33.Kg2 g5 34.Qd3 Ra2 35.Ne2 Qxh6 36.Qxb5 g4 37.Qd3 Rd2
38.Qg3 Qg6 39.Nc1 b2 40.Nb3 Re2  0-1

[Event "Krasnojarsk"]
[Site "Krasnojarsk"]
[Date "1980.??.??"]
[Round "?"]
[White "Psakhis, Lev"]
[Black "Katalymov, Boris N"]
[Result "1-0"]
[WhiteElo "2535"]
[BlackElo "2420"]

1.e4 e5 2.Nf3 Nc6 3.Bb5 a6 4.Ba4 Nf6 5.O-O Be7 6.Re1 b5 7.Bb3 O-O 8.a3 Bb7
9.d3 d6 10.Nc3 Qd7 11.Nd5 Bd8 12.c3 Kh8 13.d4 Na5 14.Nxf6 Bxf6 15.Bc2 Qe7
16.b4 Nc4 17.Bd3 Nb6 18.Qc2 Rfc8 19.Bd2 Nd7 20.a4 c6 21.Bf1 Rc7 22.Rad1 Rg8
23.Bc1 g5 24.h3 Nf8 25.c4 Bc8 26.c5 g4 27.hxg4 Bxg4 28.cxd6 Qxd6 29.dxe5 Qxb4
30.Bd2 Qxa4 31.Qxa4 bxa4 32.exf6 Bxf3 33.Ra1 Rd7 34.Bh6 Ne6 35.Kh2 Bh5 36.Rxa4 Rg6
37.Bc1 Rb7 38.e5 Rg8 39.Rxa6 c5 40.Bh6 Rb4 41.Re3 Rb2 42.f3 Nd4 43.Bg7+ Rxg7
44.fxg7+ Kxg7 45.Raa3 Rb1 46.Bd3 Rb2 47.Bf1 Rb1 48.Bd3 Rb2 49.Ba6 Kh6 50.Rec3 Kg5
51.Kh3 Bg6 52.g3 h5 53.f4+ Kh6 54.g4 hxg4+ 55.Kxg4 Bh5+ 56.Kh3 Ne6 57.Kg3 Rb8
58.Ra4 Ra8 59.Bb5 Rg8+ 60.Kf2 Rg4 61.Rcc4 Nd4 62.Rxc5 Rxf4+ 63.Ke3 Ne6 64.Rxf4 Nxc5
65.Bc4 Kg7 66.Rd4 Bg6 67.Rd6 Bf5 68.Kf4 Bg6 69.Ke3 Bf5 70.Kf4 Bg6 71.Rd8 Bh7
72.Kg4 Bg6 73.Rd6 Kf8 74.Rc6 Nd3 75.Bxd3 Bxd3 76.Rc7 f6 77.e6 Bg6 78.Kf4 Ke8
79.Rg7  1-0

[Event "URS-ch U26"]
[Site "Riga"]
[Date "1980.??.??"]
[Round "?"]
[White "Magerramov, Elmar"]
[Black "Psakhis, Lev"]
[Result "1-0"]
[WhiteElo "2435"]
[BlackElo "2535"]

1.c4 b6 2.d4 e6 3.e4 Bb7 4.Bd3 f5 5.exf5 Bxg2 6.Qh5+ g6 7.fxg6 Bg7 8.gxh7+ Kf8
9.Bg5 Nf6 10.Qh4 Bxh1 11.Ne2 Nc6 12.Nd2 e5 13.O-O-O e4 14.Bxe4 Bxe4 15.Nxe4 Rxh7
16.Qf4 Kf7 17.N2c3 Rh5 18.h4 Nb4 19.a3 d5 20.Nxf6 Bxf6 21.axb4 Qd6 22.Qg4 Rah8
23.Nxd5 Bxg5+ 24.hxg5 Rh1 25.Qf3+  1-0

[Event "URS-ch U26"]
[Site "Riga"]
[Date "1980.??.??"]
[Round "?"]
[White "Zaichik, Gennadi"]
[Black "Psakhis, Lev"]
[Result "0-1"]
[WhiteElo "2425"]
[BlackElo "2535"]

1.e4 c5 2.Nf3 d6 3.d4 cxd4 4.Nxd4 Nf6 5.Nc3 a6 6.Be2 e5 7.Nb3 Be7 8.O-O O-O
9.Bg5 Be6 10.f4 exf4 11.Bxf4 Nc6 12.Kh1 Rc8 13.Qe1 Nd7 14.Rd1 Nde5 15.Nd5 Bg5
16.Bg3 Kh8 17.c3 b5 18.h3 Rb8 19.Nb4 Nxb4 20.Bxe5 Nc2 21.Qg3 Ne3 22.Rxd6 Nxf1
23.Bxf1 Qe7 24.Nd4 f6 25.Rxe6 fxe5 26.Be2 Qd8 27.Qxe5 Bf4 28.Qd5 Qh4 29.Nf3 Qf2
30.Qd1 Rbd8 31.Nd4 Qg3 32.Qg1 Be3 33.Qd1 Rf2 34.Bf3 Bf4  0-1

[Event "URS-ch U26"]
[Site "Riga"]
[Date "1980.??.??"]
[Round "?"]
[White "Psakhis, Lev"]
[Black "Gavrikov, Viktor"]
[Result "1-0"]
[WhiteElo "2535"]
[BlackElo "2365"]

1.e4 c5 2.Nf3 d6 3.d4 cxd4 4.Nxd4 Nf6 5.Nc3 a6 6.f4 Qc7 7.Be2 e5 8.Nb3 Be6
9.f5 Bc4 10.Bxc4 Qxc4 11.Qe2 Qc6 12.Na5 Qc7 13.Nc4 Nbd7 14.Bg5 Rc8 15.Ne3 Qa5
16.Bxf6 Nxf6 17.Qd3 d5 18.Nxd5 Nxd5 19.Qxd5 Bb4 20.O-O-O Qc7 21.Rd3 O-O 22.Qb3 Qc4
23.Nd5 Qxe4 24.Nxb4 a5 25.Nd5 a4 26.Rg3 axb3 27.Nf6+ Kh8 28.Nxe4 Rxc2+ 29.Kb1 Re2
30.Nd6 bxa2+ 31.Kxa2 Ra8+ 32.Ra3 Rxa3+ 33.Kxa3 Rxg2 34.Rc1 h6 35.Rc8+ Kh7
36.Nxf7 g5 37.fxg6+  1-0

[Event "Moscow-4teams"]
[Site "Moscow"]
[Date "1981.??.??"]
[Round "?"]
[White "Taimanov, Mark E"]
[Black "Psakhis, Lev"]
[Result "0-1"]
[WhiteElo "2500"]
[BlackElo "2500"]

1.Nf3 c5 2.b3 b6 3.Bb2 Bb7 4.e3 Nf6 5.d4 g6 6.Be2 Bg7 7.O-O O-O 8.c4 e6 9.dxc5 bxc5
10.Nc3 Qe7 11.Qd2 Rd8 12.Rfd1 d5 13.cxd5 exd5 14.Rac1 Bh6 15.Na4 Ne4 16.Qc2 Nd7
17.b4 d4 18.bxc5 dxe3 19.c6 exf2+ 20.Kf1 Bxc6 21.Qxc6 Bxc1 22.Qxc1 Ndf6 23.Nc3 Rxd1+
24.Nxd1 Ng4 25.Qf4 Re8 26.Ne5 Qf6 27.g3 Nxh2+ 28.Kg2 Qxf4 29.gxf4 Rd8 30.Nxf2 Rd2
31.Nxe4 Rxe2+ 32.Nf2 Rxb2 33.Nd3 Rxa2 34.Kxh2 a5 35.Kg3 a4  0-1

[Event "Moscow-4teams"]
[Site "Moscow"]
[Date "1981.??.??"]
[Round "?"]
[White "Vaganian, Rafael A"]
[Black "Psakhis, Lev"]
[Result "1/2-1/2"]
[WhiteElo "2565"]
[BlackElo "2500"]

1.c4 c5 2.g3 g6 3.Bg2 Bg7 4.Nc3 Nc6 5.Nf3 d6 6.O-O Nh6 7.a3 O-O 8.d3 Nf5
9.Rb1 Qd7 10.Qa4 e6 11.Bd2 b6 12.b4 Bb7 13.Ne4 Nfe7 14.bxc5 dxc5 15.Qb5 Rab8
16.a4 f5 17.Nc3 Rfd8 18.Rfc1 h6 19.Be3 g5 20.a5 Nxa5 21.Bxc5 Bc6 22.Qa6 Bb7
23.Qb5 Bc6 24.Qa6 Bb7  1/2-1/2

[Event "Moscow-4teams"]
[Site "Moscow"]
[Date "1981.??.??"]
[Round "?"]
[White "Psakhis, Lev"]
[Black "Vaganian, Rafael A"]
[Result "1/2-1/2"]
[WhiteElo "2500"]
[BlackElo "2565"]

1.e4 e6 2.d4 d5 3.Nd2 c5 4.exd5 exd5 5.Ngf3 Nc6 6.Bb5 Bd6 7.dxc5 Bxc5 8.O-O Ne7
9.Nb3 Bd6 10.Re1 O-O 11.Bg5 Bg4 12.Be2 Re8 13.c3 a6 14.Bh4 Qb6 15.Bxe7 Rxe7
16.Qxd5 Rae8 17.Qd2 a5 18.h3 Bg3 19.Nbd4 Bxf3 20.Bf1 Bxf2+ 21.Kxf2 Nxd4 22.cxd4 Bd5
23.Rxe7 Rxe7 24.b3 Re4 25.Rd1 Qf6+ 26.Kg1 b6 27.Bc4 Qd6 28.Qd3 g6 29.a4 Kg7
30.Bxd5 Qxd5 31.Qc4 Qd6 32.Qc3 Qd5 33.Qc4 Qd6 34.Qc3 Qf6 35.Qd3 Qf5 36.Qc3 Qf6  1/2-1/2

[Event "Moscow-4teams"]
[Site "Moscow"]
[Date "1981.??.??"]
[Round "?"]
[White "Psakhis, Lev"]
[Black "Taimanov, Mark E"]
[Result "0-1"]
[WhiteElo "2500"]
[BlackElo "2500"]

1.c4 e5 2.Nc3 Nc6 3.g3 g6 4.Rb1 Nh6 5.h4 Bg7 6.d3 O-O 7.h5 g5 8.e4 d6 9.Nf3 Nd4
10.Be2 Nxe2 11.Nxe2 f6 12.Be3 Ng4 13.Nh2 h6 14.Nc3 Nxh2 15.Rxh2 f5 16.f3 c6
17.d4 fxe4 18.fxe4 Qb6 19.c5 Qa6 20.Qb3+ Kh7 21.d5 Qd3 22.Bf2 Bg4 23.cxd6 Rad8
24.Rc1 Rxd6 25.Qc2 Qa6 26.Nd1 cxd5 27.exd5+ Kh8 28.Qc4 Qa5+ 29.Nc3 Bf3 30.b4 Qd8
31.Bc5 e4 32.Bd4 Qe7 33.Bxg7+ Qxg7 34.Nb5 Qe5 35.Nxd6 Qxg3+ 36.Rf2 Qxd6 37.Qc5 Qf4
38.Qd4+ Kg8  0-1

[Event "Moscow-ch"]
[Site "Moscow"]
[Date "1981.??.??"]
[Round "1"]
[White "Psakhis, Lev"]
[Black "Vaganian, Rafael A"]
[Result "1/2-1/2"]
[WhiteElo "2500"]
[BlackElo "2565"]

1.c4 e6 2.Nf3 Nf6 3.b3 c5 4.Bb2 b6 5.e3 Bb7 6.Be2 d6 7.O-O Nbd7 8.d4 Be7
9.Nc3 cxd4 10.exd4 d5 11.Bd3 Ne4 12.Qe2  1/2-1/2

[Event "Moscow-ch"]
[Site "Moscow"]
[Date "1981.??.??"]
[Round "3"]
[White "Psakhis, Lev"]
[Black "Gorelov, Sergey G"]
[Result "1/2-1/2"]
[WhiteElo "2500"]
[BlackElo "2415"]

1.Nf3 c5 2.g3 Nc6 3.Bg2 g6 4.d4 cxd4 5.Nxd4 Bg7 6.Nb3 d6 7.Nc3 Be6 8.Nd5 Nf6
9.e4 O-O 10.h3 Rc8 11.O-O b5 12.a4 b4 13.a5 Nd7 14.c3 bxc3 15.bxc3 Nce5 16.f4 Nc4
17.Ra4 Bxd5 18.exd5 Bxc3 19.a6 Qb6+ 20.Kh2 Rc7 21.Rf3 Nb2 22.Bxb2 Bxb2 23.Ra2 Bc3
24.Nd2 Bxd2 25.Qxd2 Rfc8 26.Rf1 Rc3 27.Re1 Kf8  1/2-1/2

[Event "Moscow-ch"]
[Site "Moscow"]
[Date "1981.??.??"]
[Round "7"]
[White "Psakhis, Lev"]
[Black "Makarichev, Sergey"]
[Result "1/2-1/2"]
[WhiteElo "2500"]
[BlackElo "2535"]

1.Nf3 Nf6 2.c4 b6 3.g3 Bb7 4.Bg2 e6 5.O-O Be7 6.d4 O-O 7.Nc3 Ne4 8.Nxe4 Bxe4
9.Ne1 Bxg2 10.Nxg2 Nc6 11.Be3 Bf6 12.Nf4 e5 13.dxe5 Bxe5 14.Qd2 Bxf4 15.Bxf4 a5
16.Rad1 d6 17.Qc3 Re8 18.Rfe1 Ne5 19.c5  1/2-1/2

[Event "Moscow-ch"]
[Site "Moscow"]
[Date "1981.??.??"]
[Round "11"]
[White "Psakhis, Lev"]
[Black "Gulko, Boris F"]
[Result "1-0"]
[WhiteElo "2500"]
[BlackElo "2590"]

1.c4 c5 2.Nf3 Nf6 3.Nc3 Nc6 4.g3 g6 5.d4 cxd4 6.Nxd4 d6 7.Bg2 Bd7 8.O-O Bg7
9.Nc2 O-O 10.Bd2 Rb8 11.b3 a6 12.a4 Qb6 13.Rb1 Rfc8 14.h3 Qd8 15.e4 Ne8 16.Na3 Nc7
17.Re1 Ne6 18.Nd5 b6 19.Be3 Ned4 20.b4 e6 21.b5 exd5 22.cxd5 Nxb5 23.axb5 Na7
24.bxa6 Rc3 25.Bc1 Qc8 26.Bb2 Qxa6 27.Ra1 Qb7 28.Qd2 Rbc8 29.e5 Rb3 30.Bd4 Nb5
31.Nxb5 Bxb5 32.exd6 Rd3 33.Qb2 Bxd4 34.Qxb5 Bxa1 35.d7 Rf8 36.Rxa1 Rd4 37.Qc6 Qb8
38.Re1  1-0

[Event "Moscow-ch"]
[Site "Moscow"]
[Date "1981.??.??"]
[Round "12"]
[White "Psakhis, Lev"]
[Black "Sokolov, Andrei"]
[Result "0-1"]
[WhiteElo "2500"]
[BlackElo "2265"]

1.c4 Nf6 2.Nc3 e6 3.Nf3 b6 4.g3 Bb7 5.Bg2 Be7 6.d4 Ne4 7.Bd2 Bf6 8.O-O O-O
9.Rc1 c5 10.d5 exd5 11.cxd5 Nxd2 12.Nxd2 d6 13.Nde4 Be7 14.f4 Nd7 15.g4 a6
16.a4 h6 17.Qd2 b5 18.axb5 axb5 19.Nxb5 Nf6 20.Nxf6+ Bxf6 21.Nc3 Re8 22.e3 Rxe3
23.Kh1 Re8 24.Rfe1 Qb6 25.h3 Qb4 26.Rcd1 Kf8 27.g5 hxg5 28.fxg5 Rxe1+ 29.Rxe1 Be5
30.Rf1 Ba6 31.Ra1 Bb7 32.Rf1 Ba6 33.Ra1 Qf4 34.Qxf4 Bxf4 35.g6 Be5 36.gxf7 Kxf7
37.Ne4 Bb7 38.Re1 Ra5 39.b3 Ke7 40.Nd2 Ra1 41.Rxa1 Bxa1 42.Be4 Bc8 43.Kg2 Be5
44.Nc4 Bd7 45.Na5 Kf6 46.h4 Bg4 47.Bc2 Bf4 48.Nc4 Bh5 49.Kf2 Ke7 50.Kg2 Kd7
51.Kf2 Kc7 52.Kg2 Be5 53.Kf2 Bf6 54.Kg3 Be7 55.Na5 Kb6 56.Nc6 Bf6 57.Bd3 Bd1
58.Bc4 Be5+ 59.Kg2 Bc3 60.Kh3 Kc7 61.Ne7 Kd8 62.Nf5 Be5 63.Kg2 Bc2 64.Ne3 Be4+
65.Kh3 Bf4 66.Nd1 Ke7 67.Kg4 Bd2 68.Nf2 Bc2 69.h5 Bh6 70.Nd3 Kf6 71.b4 cxb4
72.Nxb4 Bd1+ 73.Kg3 Ke5 74.Nc6+ Ke4 75.Kh4 Kf4 76.Nd4 Bg5+ 77.Kh3 Bg4+ 78.Kg2 Bf6
79.Ne2+ Ke3 80.Ng3 Be5 81.Nf1+ Kd4 82.Ba2 Bf4  0-1

[Event "Moscow-ch"]
[Site "Moscow"]
[Date "1981.??.??"]
[Round "13"]
[White "Andrianov, Nikolai"]
[Black "Psakhis, Lev"]
[Result "0-1"]
[WhiteElo "2355"]
[BlackElo "2500"]

1.d4 Nf6 2.Nf3 b6 3.g3 Bb7 4.c4 e6 5.Bg2 Be7 6.Nc3 O-O 7.O-O d5 8.Ne5 Na6
9.b3 Qc8 10.Bb2 Rd8 11.e3 c5 12.Qf3 Nb4 13.Rfd1 Rb8 14.Qe2 dxc4 15.bxc4 Bxg2
16.Kxg2 Qb7+ 17.Qf3 cxd4 18.exd4 Nc2 19.Nc6 Nxa1 20.Bxa1 Rdc8 21.Nxb8 Qxb8
22.d5 Rxc4 23.dxe6 fxe6 24.Nb5 Rc5 25.Nd4 Qc8 26.Re1 e5 27.Nf5 Qe6 28.Qb3 Qxb3
29.Nxe7+ Kf7 30.axb3 Kxe7 31.Bxe5 Kf7 32.h3 Rd5 33.b4 Rb5 34.Bxf6 Kxf6 35.Ra1 a5
36.bxa5 bxa5 37.Kf3 Ke5 38.Ke3 Rd5 39.Rb1 a4 40.f4+ Kd6 41.Ra1 Ra5 42.Kd4 a3
43.Ra2 Ra4+ 44.Kc3 Kd5 45.Kb3 Ra6 46.Rd2+ Ke4 47.Ka2 Rf6 48.g4 Kxf4 49.Rd3 h6
50.Rxa3 Re6 51.Ra7 g6 52.Ra3 g5 53.Rd3 Rf6 54.Rd4+ Kg3 55.Rd3+ Kf2 56.h4 Rf3
57.Rd6 gxh4 58.Rxh6 h3 59.g5 Kg2 60.g6 Rg3  0-1

[Event "Moscow-ch"]
[Site "Moscow"]
[Date "1981.??.??"]
[Round "17"]
[White "Jussupow, Artur"]
[Black "Psakhis, Lev"]
[Result "0-1"]
[WhiteElo "2575"]
[BlackElo "2500"]

1.e4 c5 2.Nf3 d6 3.d4 cxd4 4.Qxd4 Nc6 5.Bb5 Bd7 6.Bxc6 Bxc6 7.Nc3 Nf6 8.Bg5 e6
9.O-O-O Be7 10.Rhe1 O-O 11.Qd2 Qc7 12.Nd4 Rfd8 13.f4 h6 14.h4 b5 15.Re3 b4
16.Bxf6 Bxf6 17.Nce2 a5 18.Rh1 h5 19.g4 hxg4 20.Rg1 Bd7 21.Rxg4 e5 22.Nf5 d5
23.fxe5 Qxe5 24.Ned4 Re8 25.Reg3 Bxf5 26.exf5 Rac8 27.b3 Qe1+ 28.Qxe1 Rxe1+
29.Kd2 Ra1 30.Rxg7+ Kh8 31.R7g5 Bxg5+ 32.hxg5 Re8 33.g6 fxg6 34.fxg6 Ree1
35.g7+ Kg8 36.c4 Rad1+  0-1

[Event "Minsk"]
[Site "Minsk"]
[Date "1982.??.??"]
[Round "?"]
[White "Psakhis, Lev"]
[Black "Dolmatov, Sergey"]
[Result "1-0"]
[WhiteElo "2545"]
[BlackElo "2590"]

1.d4 d5 2.c4 c6 3.Nf3 Nf6 4.Nc3 e6 5.Bg5 h6 6.Bxf6 Qxf6 7.e3 Nd7 8.Bd3 dxc4
9.Bxc4 Bd6 10.O-O Qe7 11.e4 e5 12.d5 Nb6 13.Bb3 O-O 14.dxc6 bxc6 15.Nh4 Rd8
16.Qh5 Be6 17.Nf5 Qf6 18.Bxe6 Qxe6 19.Qh4 Bf8 20.Rad1 Qe8 21.Nb1 Kh7 22.Nd2 g6
23.Ne3 Qe6 24.b3 h5 25.Nf3 Be7 26.Ng5+ Bxg5 27.Qxg5 Rd4 28.f4 Rxd1 29.Rxd1 exf4
30.Qxf4 Qe7 31.Rf1 Rf8 32.g4 Qc5 33.b4 Qxb4 34.gxh5 Nd7 35.Rd1 Qe7 36.hxg6+ Kg8
37.Qh6  1-0

[Event "Minsk"]
[Site "Minsk"]
[Date "1982.??.??"]
[Round "?"]
[White "Jussupow, Artur"]
[Black "Psakhis, Lev"]
[Result "1/2-1/2"]
[WhiteElo "2555"]
[BlackElo "2545"]

1.d4 c6 2.c4 d5 3.cxd5 cxd5 4.Nc3 Nf6 5.Nf3 Nc6 6.Bf4 Bf5 7.e3 e6 8.Bd3 Bxd3
9.Qxd3 Bd6 10.Bxd6 Qxd6 11.O-O O-O 12.Rfc1 Rfc8  1/2-1/2

[Event "Yerevan zt"]
[Site "Yerevan"]
[Date "1982.??.??"]
[Round "4"]
[White "Psakhis, Lev"]
[Black "Geller, Efim P"]
[Result "0-1"]
[WhiteElo "2545"]
[BlackElo "2545"]

1.d4 d5 2.c4 e6 3.Nc3 Be7 4.Nf3 Nf6 5.Bg5 h6 6.Bh4 O-O 7.e3 b6 8.Bxf6 Bxf6
9.cxd5 exd5 10.Qd2 Be6 11.Rd1 Qe7 12.g3 c5 13.dxc5 Rd8 14.cxb6 d4 15.Bg2 Nc6
16.Nxd4 Nxd4 17.exd4 Bh3+ 18.Kf1 Rxd4 19.Qe3 Qb7 20.f3 Rxd1+ 21.Nxd1 Qa6+
22.Kg1 Rd8 23.Nf2 Bd4 24.Qe1 Bxf2+  0-1

[Event "Yerevan zt"]
[Site "Yerevan"]
[Date "1982.??.??"]
[Round "5"]
[White "Dolmatov, Sergey"]
[Black "Psakhis, Lev"]
[Result "1/2-1/2"]
[WhiteElo "2590"]
[BlackElo "2545"]

1.e4 c6 2.d4 d5 3.exd5 cxd5 4.c4 Nf6 5.Nc3 e6 6.Nf3 Bb4 7.Bd3 dxc4 8.Bxc4 O-O
9.O-O a6 10.a3 Bxc3 11.bxc3 b5 12.Bd3 Qd5 13.a4 Bb7 14.Qe2 Rc8 15.axb5 axb5
16.Rxa8 Bxa8 17.Bd2 Ne4 18.Bxe4 Qxe4 19.Qxb5 Bd5 20.Re1 Qg6 21.Qe2 Nc6 22.Bf4 Na5
23.Nh4 Qf6 24.Qg4 h6 25.Qg3 Nc4 26.h3 Kh7 27.Qd3+ Kg8 28.Bg3 g5 29.Nf3  1/2-1/2

[Event "Yerevan zt"]
[Site "Yerevan"]
[Date "1982.??.??"]
[Round "6"]
[White "Psakhis, Lev"]
[Black "Gavrikov, Viktor"]
[Result "1-0"]
[WhiteElo "2545"]
[BlackElo "2430"]

1.d4 Nf6 2.c4 e6 3.Nf3 c5 4.d5 exd5 5.cxd5 g6 6.Nc3 d6 7.Bg5 h6 8.Bh4 g5
9.Bg3 Nh5 10.e3 Nxg3 11.hxg3 Bg7 12.Bd3 Qe7 13.Qc2 Nd7 14.Nd2 Ne5 15.Bf5 Bxf5
16.Qxf5 c4 17.Ke2 O-O 18.Nce4 b5 19.Rxh6 Ng6 20.Rh5 Qe5 21.Qxe5 Bxe5 22.Rb1 g4
23.f4 gxf3+ 24.gxf3 f5 25.Ng5 Ne7 26.f4 Bh8 27.Ne6 Rfc8 28.e4 a5 29.exf5 Nxd5
30.Ne4 c3 31.Rbh1 Bf6 32.Nxf6+  1-0

[Event "Yerevan zt"]
[Site "Yerevan"]
[Date "1982.??.??"]
[Round "7"]
[White "Sveshnikov, Evgeny"]
[Black "Psakhis, Lev"]
[Result "1/2-1/2"]
[WhiteElo "2525"]
[BlackElo "2545"]

1.d4 Nf6 2.c4 c5 3.Nf3 cxd4 4.Nxd4 b6 5.Nc3 Bb7 6.f3 d6 7.e4 e6 8.Be2 Nbd7
9.O-O Be7 10.Be3 O-O 11.Qd2 a6 12.Rfd1 Re8 13.Rac1 Qc7 14.Bf1 Rac8 15.Kh1 Qb8
16.Bg1 h6 17.b4 Rc7 18.a3 Ne5 19.Na4 Nfd7 20.Nb3 Ba8 21.Rc3 Rcc8 22.Rdc1 Ng6
23.R3c2 Bd8 24.c5 b5 25.Nb2 d5 26.exd5 exd5 27.Re1 Bg5 28.Rxe8+ Rxe8 29.Qd1 Nde5
30.Re2 Rd8 31.Nd4 Nc4 32.Nd3 Qc8 33.a4 Bc6 34.axb5 axb5 35.Qa1 Bf6 36.Qd1 Qb7
37.g3 Ra8 38.Bg2 Ne7 39.Nxc6 Nxc6 40.Qf1 Qd7 41.f4 Ra3 42.Qf3 Nxb4 43.Nxb4 Rxf3
44.Bxf3 Kh7 45.Nxd5 Bd8 46.Bg2 Na5 47.Rb2 Nc4 48.Re2 Na5 49.Rb2 Nc4 50.Rb1 Ba5
51.Be4+ f5 52.Bg2 Qe8 53.Ra1 b4 54.Nb6 Na3 55.c6 Qb8 56.Rc1 Bxb6 57.Bxb6 b3
58.c7 Qc8 59.Bd4 Nb5 60.Be5 Nxc7 61.h4 Qd7 62.Rxc7 Qxc7 63.Bxc7 b2 64.Kh2 b1=Q
65.Be5 Qd3 66.Bb8 Qe3 67.Bc7 Qe2 68.Be5 Qh5 69.Kg1 Kg6 70.Bc7 Qe2 71.Kh2 Kh7
72.Bb8 Kg8 73.Bc7 Kf7 74.Bb8 Ke7 75.Bc7 Kd7 76.Be5 g5 77.hxg5 hxg5 78.Bb8 Kc8
79.Be5 Qe3 80.Bf1 Kd7 81.Bg2 g4 82.Bh1 Qe2+ 83.Bg2 Qe3 84.Bb8 Qb6 85.Be5 Ke7
86.Kh1 Qh6+ 87.Kg1 Kd7 88.Bd4  1/2-1/2

[Event "Yerevan zt"]
[Site "Yerevan"]
[Date "1982.??.??"]
[Round "8"]
[White "Psakhis, Lev"]
[Black "Agzamov, Georgy"]
[Result "1-0"]
[WhiteElo "2545"]
[BlackElo "2485"]

1.d4 Nf6 2.c4 e6 3.Nf3 d5 4.Nc3 Be7 5.Bg5 O-O 6.e3 Nbd7 7.Qc2 c6 8.O-O-O Re8
9.h4 a6 10.Bd3 dxc4 11.Bxc4 Nd5 12.Kb1 Nxc3+ 13.Qxc3 b5 14.Bb3 Bb7 15.Ne5 Rc8
16.Bxe7 Rxe7 17.Nxd7 Rxd7 18.Qc5 Qf8 19.Rc1 Qxc5 20.Rxc5 Kf8 21.h5 Ke7 22.g4 Kd6
23.f4 Re8 24.Bc2 g6 25.Kc1 Rg8 26.g5 Kc7 27.Kd2 Kb6 28.Be4 Rc8 29.Ke2 Kc7
30.Bf3 Kd6 31.Kd3 Kc7 32.Rhc1 Kd6 33.a4 Rdd8 34.Kc3 Ra8 35.Kb4 a5+ 36.Kb3 bxa4+
37.Kxa4 Ra6 38.Rxa5 Rb6 39.b4 Rb8 40.Ka3 Bc8 41.Ra7 Bd7 42.Rc4 gxh5 43.Bxh5 Be8
44.Bf3 Bd7 45.Bh5 Be8 46.Bxf7 Bxf7 47.Rxf7 Ra8+ 48.Kb3 Rba6 49.Rc3 Kd5 50.Rd7+ Ke4
51.Kc4 Rb8 52.Re7 Kf5 53.Rf7+ Ke4 54.Re7 Kf5 55.Rxh7 Ra4 56.Rb3 Ra1 57.Rh6  1-0

[Event "Yerevan zt"]
[Site "Yerevan"]
[Date "1982.??.??"]
[Round "9"]
[White "Vaganian, Rafael A"]
[Black "Psakhis, Lev"]
[Result "0-1"]
[WhiteElo "2550"]
[BlackElo "2545"]

1.c4 e5 2.Nc3 Nf6 3.Nf3 Nc6 4.g3 d5 5.cxd5 Nxd5 6.Bg2 Nb6 7.d3 Be7 8.a3 Be6
9.O-O O-O 10.b4 f6 11.Be3 Qe8 12.Bxb6 axb6 13.d4 exd4 14.Nxd4 Bc4 15.Nd5 Qf7
16.Nxc6 bxc6 17.Nxe7+ Qxe7 18.Bxc6 Rad8 19.Qc1 b5 20.Bf3 c5 21.bxc5 Qxc5
22.Qc3 Qf5 23.Rfd1 Qe5 24.Rdc1 Rd1+  0-1

[Event "Yerevan zt"]
[Site "Yerevan"]
[Date "1982.??.??"]
[Round "12"]
[White "Psakhis, Lev"]
[Black "Giorgadze, Tamaz"]
[Result "1/2-1/2"]
[WhiteElo "2545"]
[BlackElo "2500"]

1.d4 Nf6 2.c4 e6 3.Nf3 d5 4.Nc3 Be7 5.Bg5 h6 6.Bxf6 Bxf6 7.e3 O-O 8.Qd2 b6
9.cxd5 exd5 10.Rd1 Be6 11.g3 Nd7 12.Bg2 Be7 13.O-O c6 14.Ne1 Re8 15.Nd3 Bf5
16.Rc1 Rc8 17.Qe2  1/2-1/2

[Event "Yerevan zt"]
[Site "Yerevan"]
[Date "1982.??.??"]
[Round "13"]
[White "Kupreichik, Viktor D"]
[Black "Psakhis, Lev"]
[Result "1/2-1/2"]
[WhiteElo "2570"]
[BlackElo "2545"]

1.e4 e5 2.Nf3 Nc6 3.Bb5 a6 4.Ba4 Nf6 5.O-O Be7 6.Re1 b5 7.Bb3 O-O 8.a4 Bb7
9.d3 d6 10.Nc3 Na5 11.Ba2 b4 12.Ne2 c5 13.c3 Rb8 14.cxb4 cxb4 15.Ng3 b3 16.Bb1 d5
17.Nxe5 dxe4 18.d4 Bb4 19.Bg5 Bxe1 20.Nh5 Bxf2+ 21.Kxf2 Qc8 22.Bxf6 Qf5+
23.Qf3 Qxf3+ 24.gxf3 gxf6 25.Nd7 f5 26.fxe4 fxe4 27.Nhf6+ Kg7 28.d5 Bxd5
29.Nxd5 f5 30.Nxb8 Rxb8 31.Bxe4 fxe4 32.Rc1 Rd8 33.Rc5 Nc4  1/2-1/2

[Event "Yerevan zt"]
[Site "Yerevan"]
[Date "1982.??.??"]
[Round "14"]
[White "Tukmakov, Vladimir B"]
[Black "Psakhis, Lev"]
[Result "1/2-1/2"]
[WhiteElo "2500"]
[BlackElo "2545"]

1.d4 Nf6 2.c4 e6 3.Nf3 b6 4.g3 Bb4+ 5.Bd2 Be7 6.Bg2 Bb7 7.Nc3 O-O 8.O-O d5
9.cxd5 exd5 10.Rc1 Na6 11.Bf4 c5 12.dxc5 bxc5 13.Ne5 Nc7 14.Nc4 Rb8 15.Bxc7 Qxc7
16.Nxd5 Bxd5 17.Bxd5 Rbd8  1/2-1/2

[Event "WchT U26"]
[Site "Chicago"]
[Date "1983.??.??"]
[Round "?"]
[White "Gobet, Fernand"]
[Black "Psakhis, Lev"]
[Result "0-1"]
[WhiteElo "2410"]
[BlackElo "2580"]

1.e4 c5 2.Nf3 e6 3.d4 cxd4 4.Nxd4 Nf6 5.Nc3 d6 6.g4 h6 7.g5 hxg5 8.Bxg5 Nc6
9.Qd2 Qb6 10.Nb3 a6 11.O-O-O Qc7 12.f4 b5 13.Bg2 Bb7 14.h4 O-O-O 15.a3 Kb8
16.Bf3 Be7 17.h5 b4 18.axb4 Nxb4 19.Qd4 a5 20.Rh2 e5 21.Qg1 Bc6 22.Kb1 a4
23.Nd2 Bd7 24.Nf1 Qb7 25.Ne3 a3 26.b3 Rc8 27.Bxf6 Bxf6 28.Ned5 Be6 29.Nxb4 Qxb4
30.Nd5 Bxd5 31.Rxd5 exf4 32.Qf1 Rc5 33.Rxc5 dxc5 34.e5 Bxe5 35.Ka2 Ka7 36.Qd3 Qd4
37.Qxd4 Bxd4 38.Kxa3 g5 39.b4 f5 40.bxc5 g4 41.Bd5 Bxc5+ 42.Kb3 f3 43.Rh1 f2
44.Kc4 Rxh5 45.Ra1+ Kb6 46.Rb1+ Kc7 47.Kxc5 f4 48.c4 g3 49.Ra1 f3 50.Ra7+ Kd8
51.Ra8+ Ke7 52.Ra7+ Kf6 53.Rf7+ Kg6 54.Rxf3 g2 55.Rg3+ Kh6  0-1